Microbiology in agriculture, fisheries and food (Record no. 28681)

MARC details
000 -LEADER
fixed length control field 00446nam a2200157Ia 4500
082 ## - DEWEY DECIMAL CLASSIFICATION NUMBER
Classification number 579.63
Item number SKI
100 ## - MAIN ENTRY--AUTHOR NAME
Personal name Carr, J G
245 #0 - TITLE STATEMENT
Title Microbiology in agriculture, fisheries and food
260 ## - PUBLICATION, DISTRIBUTION, ETC. (IMPRINT)
Place of publication New York
Name of publisher Academic
Year of publication 1976
490 ## - SERIES STATEMENT
Series statement Society for aplied bacteriology symposium series 4
650 ## - SUBJECT ADDED ENTRY--TOPICAL TERM
Topical Term Bacterial disease
650 ## - SUBJECT ADDED ENTRY--TOPICAL TERM
Topical Term Microbiology
700 ## - ADDED ENTRY--PERSONAL NAME
Personal name Skinner, F A
942 ## - ADDED ENTRY ELEMENTS (KOHA)
Koha item type Books
Holdings
Withdrawn status Lost status Damaged status Not for loan Home library Current library Date acquired Full call number Accession Number Koha item type
        RRII Library RRII Library 16/12/2021 579.63 SKI 09276 Books